| 000 | 01122nam a22004457a 4500 | ||
|---|---|---|---|
| 005 | 20260520172403.0 | ||
| 008 | 190115b2015 xxu||||| |||| 00| 0 spa d | ||
| 020 | _a9786076221990 | ||
| 041 | _aESP | ||
| 082 | _a004.1 A654a | ||
| 245 | _aAprender informática básica con 100 ejercicios prácticos | ||
| 260 | _aMéxico | ||
| 260 | _bAlfaomega | ||
| 260 | _c2015 | ||
| 300 |
_a216 páginas _bContiene imagenes a blanco y negro |
||
| 490 | _aBig Data | ||
| 490 | _aElectrónica | ||
| 490 | _aTecnologías de la Información | ||
| 650 | _aINFORMÁTICA | ||
| 650 | _aCOMPUTADORAS | ||
| 650 | _aSOFTWARE | ||
| 650 | _aHARDWARE | ||
| 650 | _aENTORNO WINDOWS | ||
| 650 | _aPERIFÉRICOS | ||
| 650 | _aAPLICACIONES | ||
| 650 | _aGESTIÓN DE ARCHIVOS | ||
| 650 | _aCORREO ELECTRÓNICO | ||
| 650 | _aSKYPE | ||
| 650 | _aINTERNET EXPLORER | ||
| 650 | _aSMARTPHONES | ||
| 650 | _aREPRODUCTOR DE MÚSICA | ||
| 650 | _aREPRODUCTOR DE VIDEO | ||
| 650 | _aGOOGLE+ | ||
| 650 | _aGMAIL | ||
| 650 | _aFACEBOOK | ||
| 650 | _aTWITTER | ||
| 650 | _aWORD | ||
| 650 | _aEXCEL | ||
| 942 |
_cBK _2ddc |
||
| 999 |
_c11538 _d11538 |
||